Star Wars cast - sudden death - Statistics

General Stats
  • This quiz has been taken 855 times
  • The average score is 15 of 31
Answers on the Grid
Answers color-coded by a green-red scale on the quiz's grid according to % correct below.
Mae West
Harrison Ford
Grace Kelly
Doris Day
Alec Guinness
Jean-Claude van Damme
Carrie Fisher
Robin Williams
Humphrey Bogart
James Earl Jones
Clint Eastwood
Peter Serafinowicz
Anthony Daniels
Kenny Baker
Samuel Jackson
Peter Cushing
Elizabeth Taylor
Ian McDiarmid
Christopher Lee
Max von Sydow
Elvis Presley
Daniel Craig
George Lucas
Jack Nicholson
Billy Dee Williams
Lucille Ball
Benicio Del Toro
Nigel Godrich
Ewan McGregor
Steve McQueen
David Prowse
Lucille Ball
Sid James
Robert de Niro
Charlie Chaplin
Leonard Nimoy
Paul Newman
Adrian Edmondson
Malcolm McDowell
Spike Milligan
Frank Oz
Larry Ward
Keira Knightley
Mark Hamill
Natalie Portman
Richard Pryor
Terence Stamp
John Wayne
Brian Blessed
Eddie Murphy
Peter Mayhew
Liam Neeson
 
Answer Stats
Answer % Correct
Han Solo Harrison Ford
97%
Princess Leia Carrie Fisher
88%
Obi-Wan Kenobi Ewan McGregor
81%
Darth Vader (voice) James Earl Jones
81%
Luke Mark Hamill
79%
Padme Amidala Natalie Portman
79%
Mace Windu Samuel Jackson
78%
Obi-Wan Kenobi Alec Guinness
77%
Qui Gon-Jinn Liam Neeson
74%
Count Dooku Christopher Lee
71%
The Emperor Ian McDiarmid
60%
C-3PO Anthony Daniels
55%
Lando Billy Dee Williams
55%
Baron Papinoda George Lucas
54%
Grand Moff Tarkin Peter Cushing
54%
Darth Vader David Prowse
51%
Yoda Frank Oz
49%
Chewbacca Peter Mayhew
48%
Sabe Keira Knightley
44%
R2-D2 Kenny Baker
44%
DJ Benicio Del Toro
31%
Stormtrooper Daniel Craig
27%
Lor San Tekka Max von Sydow
27%
Darth Maul (voice) Peter Serafinowicz
26%
Finis Valorum Terence Stamp
21%
Captain Edrison Peavey Adrian Edmondson
17%
FN-9330 Nigel Godrich
17%
Jabba the Hutt (voice) Larry Ward
16%
Hyden (voice) Malcolm McDowell
16%
Boss Rugor Nass Brian Blessed
15%
Garindan (voice) John Wayne
4%
No matching quizzes found
Score Distribution
Percent of People with Each Score
Percentile by Number Answered
Your Score History
You have not taken this quiz